000 00683nam a22002417a 4500
001 BR8203517
003 BR-BrBNA
005 20230928091336.0
007 ta
008 230509b bl.||||| |||| 00| 0 por d
040 _aBR-BrBNA
_bpor
_cBiblioteca Nacional de Agricultura
041 _a(Por)
072 _aP05
090 _ P05 BR8203517
110 1 _aFAO, Brasilia, DF (Brasil)
_94523
245 1 _aBiogas feito em casa [recurso energetico]
260 3 _aBrasilia, DF (Brasil):
_bEmpresa Brasileira de Assistencia Tecnica e Extensao Rural,
_c1982.
300 _a24 p.
650 _aBIODIGESTOR
650 _aBIOGAS
909 _a202309
_bLucia
_c55
_dLucia Elande
942 _cBK
999 _c33464
_d33464